Estadísticas para Regiones del mundo (parte 4)

Haz click aquí para intentar la prueba.

Estadísticas generales

  • Esta prueba ha sido intentada 22 veces
  • La puntuación promedio es 8 de 32

Estadísticas de respuestas

Respuesta% Correcto
Highlands / Tierras Altas
86%
Península Ibérica
73%
Unión Europea
73%
Países Bálticos
64%
Países Catalanes / Països Catalans
64%
Eurasia
59%
Laponia
55%
BRICS
41%
Rusia occidental / Rusia europea
36%
Valle del Rift
32%
Golfo de Tailandia / Golfo de Siam
27%
Tapón del Darién
23%
Valonia
23%
América Anglosajona
18%
Biafra
14%
Península Antártica
14%
Sur Global
14%
Tigray
14%
Eje Neovolcánico / Eje Volcánico Transversal
9%
Galitzia
9%
Gran Cuenca / Great Basin
9%
Gush-Dan
9%
Metro Manila / Gran Manila
9%
Pastunistán
9%
Alto Egipto
5%
Delta del Yangtsé / Delta del río Yangtsé
5%
Gran Los Ángeles / Southland
5%
Gran Santander / Los Santanderes
5%
La Mixteca
5%
Llanos del Orinoco
5%
Llanura indogangética
5%
Máshrek / Máshreq
5%

Distribución de puntuación

Porcentaje por número respondido

Porcentaje de gente con cada puntuación

Historial de tus puntuaciones

No has intentado esta prueba.